00630nam a2200157Ia 4500008004100000020001800041082001600059100001900075245020700094250000800301260005000309300002300359500001900382600002100401650005000422240925s9999 xx 000 0 und d a9788131726228 a004.165 BRE aBrey ,Barry B. 4aThe intel microprocessors architecture, programming, and interfacing: 8086/8088, 80286, 80386, 80486, pentium, pentium pro processor, pentium II, pentium III, pentium 4, and core2 with 64-bit extensions a8th aUttar Pradesh:bPearson Education Incc,2013. a287p.b0fOriginal aIncludes Index aComputer Science aComputer science, information & general works